Normal view
MARC view
- MAUET,A THOMAS
Entry Personal Name
001 - CONTROL NUMBER
- control field: 132207
003 - CONTROL NUMBER IDENTIFIER
- control field: NUST
005 - DATE AND TIME OF LATEST TRANSACTION
- control field: 20251208112824.0
008 - FIXED-LENGTH DATA ELEMENTS
- fixed length control field: 251208|| aca||aabn | a|a d
040 ## - CATALOGING SOURCE
- Original cataloging agency: NUST
- Transcribing agency: NUST
100 ## - HEADING--PERSONAL NAME
- Personal name: MAUET,A THOMAS
670 ## - SOURCE DATA FOUND
- Source citation: Work cat.: (NUST): MAUET,A THOMAS., FUNDAMENTALS OF TRIAL TECHNIQUES /, 1992.
